| 000 | 03772nam0a2200397 4500 | ||
|---|---|---|---|
| 001 | RU\NLR\BIBL_A\016232447 | ||
| 005 | 20230213164830.0 | ||
| 010 |
_a978-5-262-00926-8 _9100 |
||
| 021 |
_aRU _bКН-П-22-079626 _9КН-П-22-6975 |
||
| 035 | _a(NLR Aleph) 016232447 | ||
| 035 | _a(RuMoRGB)011365756 | ||
| 090 |
_a12771350 _c12771350 |
||
| 100 | _a20221208d2022 k y0rusy50 ca | ||
| 101 | 0 | _arus | |
| 102 | _aRU | ||
| 105 | _aa z 000zy | ||
| 181 | 0 |
_ai _baxxe |
|
| 182 | 0 | _an | |
| 200 | 1 |
_aПрирода. Человек. Культура _eматериалы третьего международного научно-просветительского форума (г. Кисловодск, 4-8 октября 2022 г.) _fМинистерство транспорта Российской Федерации, Федеральное агентство железнодорожного транспорта, Федеральное государственное бюджетное образовательное учреждение высшего образования "Дальневосточный государственный университет путей сообщения", Автономная некоммерческая организация Культурно-просветительный центр "Интеллектуальный Кисловодск" _gпод общей редакцией А. В. Туркулец, Е. В. Листопадовой |
|
| 203 |
_aТекст _bвизуальный _cнепосредственный |
||
| 210 |
_aХабаровск _cИзд-во ДВГУПС _d2022 |
||
| 215 |
_a406 с. _cил. _d20 |
||
| 320 | _aБиблиогр. в конце докл. | ||
| 330 | _aВ сборнике опубликованы результаты научных исследований, представленные в рамках Третьего Международного научно-просветительского форума "Природа. Человек. Культура" учеными в области философии, культурологии, социологии, психологии, филологии, юриспруденции и других наук. Предназначен для преподавателей, аспирантов, студентов высших учебных заведений и всех, кто интересуется проблемами социально-гуманитарного знания. Статьи публикуются в авторской редакции | ||
| 606 | 1 |
_aГуманитарные науки _jСъезды, совещания и т.п _2nlr_sh2 _3RU\NLR\AUTH\661308230 |
|
| 686 | 1 | _aС.я431 | |
| 686 | 1 | _aЧ21я431 | |
| 702 | 1 |
_aТуркулец _bА. В. _cд-р филос. наук _gАлексей Владимирович _3RU\NLR\AUTH\77102149 _4340 |
|
| 711 | 1 | 2 |
_a"Природа. Человек. Культура", международный научно-просветительский форум _d3 _f2022 _eКисловодск _3RU\NLR\AUTH\880579750 |
| 711 | 1 | 2 |
_a"Грани культуры XXI века", международная научно-практическая конференция _f2022 _eКисловодск _3RU\NLR\AUTH\880579751 |
| 712 | 0 | 2 |
_aДальневосточный государственный университет путей сообщения _cХабаровск _3RU\NLR\AUTH\8823063 _4475 |
| 942 | _cBOOK | ||
| 980 | _aNB | ||